| 000 | 00000nam 2200000zi 4500 |
| 001 | 9.892340 |
| 003 | CaOODSP |
| 005 | 20230428083152 |
| 006 | m o d f |
| 007 | cr |n||||||||| |
| 008 | 201009e199403##onc o f000 0|eng d |
| 040 | |aCaOODSP|beng|erda|cCaOODSP |
| 043 | |an-cn--- |
| 086 | 1 |aIu188-145/1994E-PDF |
| 245 | 00|aImplementation of the standards initiative, Telecommunications Sector Campaign, Industry Canada : |bfinal report. |
| 264 | 1|a[Ottawa] : |b[Industry Canada], |cMarch 1994. |
| 300 | |a1 online resource (1 volume (various pagings)) |
| 336 | |atext|btxt|2rdacontent |
| 337 | |acomputer|bc|2rdamedia |
| 338 | |aonline resource|bcr|2rdacarrier |
| 500 | |aDigitized edition from print [produced by Innovation, Science and Economic Development Canada]. |
| 650 | 0|aTelecommunication equipment industry|xStandards|zCanada. |
| 650 | 0|aStandardization|zCanada. |
| 650 | 0|aExport marketing|zCanada. |
| 650 | 0|aMarket surveys|zCanada. |
| 650 | 6|aTélécommunications|xÉquipement|xIndustrie|xNormes|zCanada. |
| 650 | 6|aNormalisation|zCanada. |
| 650 | 6|aMarchés d'exportation|zCanada. |
| 650 | 6|aÉtudes de marché|zCanada. |
| 710 | 1 |aCanada. |bIndustry Canada, |eissuing body. |
| 856 | 40|qPDF|s4.63 MB|uhttps://publications.gc.ca/collections/collection_2023/isde-ised/Iu188-145-1994-eng.pdf |